<?xml version="1.0" encoding="UTF-8"?>
<record
    xmlns:xsi="http://www.w3.org/2001/XMLSchema-instance"
    xsi:schemaLocation="http://www.loc.gov/MARC21/slim http://www.loc.gov/standards/marcxml/schema/MARC21slim.xsd"
    xmlns="http://www.loc.gov/MARC21/slim">

  <leader>01188nam a22002537a 4500</leader>
  <controlfield tag="003">OSt</controlfield>
  <controlfield tag="005">20240712122601.0</controlfield>
  <controlfield tag="008">240424q2002    sp a   br     001 j spa d</controlfield>
  <datafield tag="020" ind1=" " ind2=" ">
    <subfield code="a">9567240426</subfield>
  </datafield>
  <datafield tag="037" ind1=" " ind2=" ">
    <subfield code="a">Donaci&#xF3;n</subfield>
  </datafield>
  <datafield tag="040" ind1=" " ind2=" ">
    <subfield code="a">CO-JMCR</subfield>
    <subfield code="b">spa</subfield>
    <subfield code="c">CO-JMCR</subfield>
    <subfield code="d">CO-JMCR</subfield>
    <subfield code="e">rda</subfield>
  </datafield>
  <datafield tag="041" ind1="0" ind2=" ">
    <subfield code="a">spa</subfield>
  </datafield>
  <datafield tag="082" ind1="0" ind2="4">
    <subfield code="a">C</subfield>
    <subfield code="b">CANf</subfield>
  </datafield>
  <datafield tag="245" ind1="1" ind2="0">
    <subfield code="a">F&#xE1;bulas de siempre / </subfield>
    <subfield code="c">Coordinaci&#xF3;n de la edici&#xF3;n Mirta Cancino Arellano.</subfield>
  </datafield>
  <datafield tag="260" ind1=" " ind2=" ">
    <subfield code="a">Barcelona : </subfield>
    <subfield code="b">BIbliogr&#xE1;fica internacional , </subfield>
    <subfield code="c">&#xA9;[2002]</subfield>
  </datafield>
  <datafield tag="300" ind1=" " ind2=" ">
    <subfield code="a">154 p&#xE1;ginas : </subfield>
    <subfield code="b">Ilustraciones a color ; </subfield>
    <subfield code="c">36 cm. </subfield>
  </datafield>
  <datafield tag="501" ind1=" " ind2=" ">
    <subfield code="a">Con: presentaci&#xF3;n</subfield>
  </datafield>
  <datafield tag="505" ind1="0" ind2=" ">
    <subfield code="t">El herrero y el perro -- El cuervo imitando al &#xE1;guila -- Los dos gallos -- Las dos perras -- La cierva y el cervatillo -- La cigarra y la hormiga -- Asamblea de ratones -- La alondra, sus cr&#xED;as y el campesino -- La zorra y las uvas -- El delf&#xED;n y el mono -- El lobo y la zorra -- La liebre y las ranas -- La paloma y la hormiga -- La zorra y el cuervo -- El le&#xF3;n y el rat&#xF3;n.</subfield>
  </datafield>
  <datafield tag="650" ind1="1" ind2="4">
    <subfield code="2">JMCR</subfield>
    <subfield code="a">Fabulas</subfield>
    <subfield code="9">346</subfield>
  </datafield>
  <datafield tag="650" ind1="2" ind2="4">
    <subfield code="2">JMCR</subfield>
    <subfield code="a">Animales en la literatura</subfield>
  </datafield>
  <datafield tag="650" ind1="3" ind2="4">
    <subfield code="2">JMCR</subfield>
    <subfield code="a">Cuentos infantiles</subfield>
  </datafield>
  <datafield tag="700" ind1="1" ind2=" ">
    <subfield code="a">Cancino Arellano, Mirta, </subfield>
    <subfield code="e">Coordinador de edici&#xF3;n.</subfield>
    <subfield code="9">43659</subfield>
  </datafield>
  <datafield tag="942" ind1=" " ind2=" ">
    <subfield code="2">ddc</subfield>
    <subfield code="c">BK</subfield>
  </datafield>
  <datafield tag="999" ind1=" " ind2=" ">
    <subfield code="c">30747</subfield>
    <subfield code="d">17131</subfield>
  </datafield>
  <datafield tag="952" ind1=" " ind2=" ">
    <subfield code="0">0</subfield>
    <subfield code="1">0</subfield>
    <subfield code="2">ddc</subfield>
    <subfield code="4">0</subfield>
    <subfield code="7">0</subfield>
    <subfield code="a">CPL</subfield>
    <subfield code="b">CPL</subfield>
    <subfield code="c">CHILD</subfield>
    <subfield code="d">2023-01-06</subfield>
    <subfield code="l">9</subfield>
    <subfield code="m">2</subfield>
    <subfield code="o">C CANf</subfield>
    <subfield code="p">201812052</subfield>
    <subfield code="r">2025-11-24 10:34:15</subfield>
    <subfield code="s">2025-11-24</subfield>
    <subfield code="t">Ej.1</subfield>
    <subfield code="w">2024-04-24</subfield>
    <subfield code="y">BK</subfield>
  </datafield>
</record>
